| 000 | 00549nam a22001697a 4500 | ||
|---|---|---|---|
| 999 |
_c40717 _d40717 |
||
| 003 | OSt | ||
| 005 | 20200606120129.0 | ||
| 008 | 191030b ||||| |||| 00| 0 eng d | ||
| 020 | _a9788121407038 | ||
| 040 | _cMESKC library | ||
| 082 |
_a302.2 _bSHA/J |
||
| 100 |
_aSharma,Revathi Saran _973 |
||
| 245 |
_aJan Sanchar Aur Media Lekhan=Mass Communication and Media Writing/ _cRevathi Saran Sharma |
||
| 260 |
_aNew Delhi: _bNational Publishing House, _c2012 |
||
| 300 | _a168p | ||
| 942 |
_2ddc _cBK _h302.2 _iSHA/J _k302.2 _mSHA/J |
||